01484nam a2200337 i 4500001001000000003000900010005001700019007000300036008004100039020001500080040003100095041000800126049000900134082001900143100006100162245015700223260004000380264004300420300004500463336002700508337003300535338002800568500006300596500002400659700004300683700007100726942001400797952012700811952019300938999001501131000008144DO-SdBNP20260422094930.0ta090915s1988 dr 000 0 spa d a8489532004 aDO-SdBNPbspacBNPHU erda aspa aBNPD 4axxxbA958l2221 aAvilés Blonda, Máximo,d1931-1988eautor4aut.9791410aLlueve y es que es mayo...dulce señora /cMáximo Avilés Blonda ; ilustraciones, Ángel Hache ; prólogo, María del Carmen Prosdocimi de Rivera aSanto Domingo :bTolle lege,c1988. aSanto Domingo :bEdiciones Tolle Lege, a124 páginas :bilustraciones ;c23 cm. atextobtxt2rdacontent asin mediaciónbn2rdamedia avolumenbnc2rdacarrier aIncluye datos biográficos del autor en la contracubierta aEdición póstuma1 aÁngel Hache,eilustrador4il.9893861 aProsdocimi Rivera, María del Carmen de,eprologuista4pr.989387 2ddccLBS1 00102ddc51708PDaBNPHUbBNPHUcCTd2009-09-15l0oBNPHU PD A958lp8144-10r2020-06-25w2020-06-25yLBS1ZNo se presta 00102ddc51708PDaBNPHUbBNPHUcCTd2026-04-22eDonaciónl0oBNPHU PD A958lp2026-3051r2026-04-22te.2w2026-04-22yLBS1zPerteneció a la biblioteca personal de Mónica Despradel. c7921d7921